ბათუმის შოთა რუსთაველის სახელმწიფო უნივერსიტეტის ბიბლიოთეკა

მთას დაუბრუნდა მთიელი:ქართული სოფლის ეპოპეა (ბიბ.ჩანაწერი № 42543)

000 -LEADER
fixed length control field 00867nam a2200217Ia 4500
001 - CONTROL NUMBER
control field 9241
003 - CONTROL NUMBER IDENTIFIER
control field GE_BSU
008 - FIXED-LENGTH DATA ELEMENTS--GENERAL INFORMATION
fixed length control field 181216s||||||||xx |||||||||||||| ||und||
040 ## - CATALOGING SOURCE
Transcribing agency GE_BSU
080 ## - UNIVERSAL DECIMAL CLASSIFICATION NUMBER
Universal Decimal Classification number 821.353.1-32
100 ## - MAIN ENTRY--PERSONAL NAME
Personal name ლორთქიფანიძე,კონსტანტინე
245 ## - TITLE STATEMENT
Title მთას დაუბრუნდა მთიელი:ქართული სოფლის ეპოპეა
245 ## - TITLE STATEMENT
Statement of responsibility, etc. რედ.გ.ბედინგიშვილი. მხატვ.ო.ქანდარია
260 ## - PUBLICATION, DISTRIBUTION, ETC.
Place of publication, distribution, etc. თბილისი
260 ## - PUBLICATION, DISTRIBUTION, ETC.
Name of publisher, distributor, etc. საბჭოთა საქართველო
260 ## - PUBLICATION, DISTRIBUTION, ETC.
Date of publication, distribution, etc. 1981
300 ## - PHYSICAL DESCRIPTION
Extent 176გვ.16სმ.
653 ## - INDEX TERM--UNCONTROLLED
Uncontrolled term მთას დაუბრუნდა მთიელი
653 ## - INDEX TERM--UNCONTROLLED
Uncontrolled term ქართული სოფლის ეპოპეა
942 ## - ADDED ENTRY ELEMENTS (KOHA)
Koha item type წიგნი
ეგზემპლარები
Withdrawn status Lost status Damaged status Not for loan Date acquired Barcode Date last seen Price effective from Koha item type
        2018-12-17 32000 2018-12-17 2018-12-17 წიგნი